| 000 | 02353cam a22004694i 4500 | ||
|---|---|---|---|
| 003 | PE-LiUPU | ||
| 005 | 20250731165436.0 | ||
| 008 | 160510s2006 pe a grm 000 0 spa d | ||
| 035 | _a(Sirsi) a156646 | ||
| 040 |
_aPE-LiUPU _bspa _cPE-LiUPU _erda |
||
| 099 |
_aTT 2 _bR74 2006 |
||
| 100 | 1 |
_aRodríguez Soles, Eder Genaro _eautor |
|
| 245 | 1 |
_aRestricciones voluntarias en los alimentos sacrificados a los ídolos. Un estudio intertestual de Levíticos 11 y 1 Corintios 10:23 - 11:1 / _cEder Genaro Rodríguez Soles. |
|
| 264 | 0 | _c2006. | |
| 300 |
_a80 hojas _c29 cm |
||
| 336 |
_atext _2rdacontent |
||
| 337 |
_aunmediated _2rdamedia |
||
| 338 |
_avolume _2rdacarrier |
||
| 502 |
_aTesis _b(Lic.) -- _cUniversidad Peruana Unión, _d2006. |
||
| 504 | _aIncluye referencias | ||
| 520 | 3 | _aPodemos resumir el pensamiento de pablo de la siguiente manera: 1. Como cristianos no debemos ser una piedra de tropiezo para nuestro hermano débil en la fe (8:7-14. 10:24), 2) los ídolos no tienen una existencia real. por lo tanto no existe una razón verdadera por la cual no se puede comer carnes sacrificadas a los ídolos (8:1-6), 3) en corintios 10:14-11:1, pablo vuelve al asunto de los idolatitas ye establece una relación con la santa cena. Mas allá de los ídolos, se encuentra el juego de los poderes ocultos, demoniacos, el cristiano no debe asociarse a tales encuentros. y sobre todo la santa cena no debe transformarse en la cena de los demonios y En cuanto ''de todo lo que se vende en la carnicería, comed" (10:25), pablo trata del problema de las carnes sacrificadas a los ídolos, y no el de carnes puras e impuras que se mencionas en levíticos 11. | |
| 526 | _aSEG44 | ||
| 526 | _aSEG26 | ||
| 526 | _aP151 | ||
| 526 | _aP150 | ||
| 526 | _aP149 | ||
| 526 | _aP146 | ||
| 526 | _aP145 | ||
| 526 | _aP126 | ||
| 526 | _aP125 | ||
| 526 | _aP92 | ||
| 526 | _aP75 | ||
| 526 | _aP74 | ||
| 526 | _aP27 | ||
| 526 | _aP15 | ||
| 650 | 0 | 4 |
_aAlimentos sacrificados a ídolos _xEnseñanza Bíblica. |
| 630 |
_aBiblia _pA.T. _pLevítico _xComentarios. |
||
| 630 |
_aBiblia _pN.T. _pCorintios I _xComentarios. |
||
| 596 | _a1 | ||
| 942 |
_2ddc _cTESIS |
||
| 999 |
_aTT 2 R74 2006 _wALPHANUM _c9299 _iT00400 _lCCODEBUL3 _mBUL _r1 _sY _tTESIS _u2016-5-10 _xTEOLOGIA _PP35 _o.STAFF. Tesis _d9299 |
||
| 980 |
_81 _gALBERTO SANCHEZ Responsable de Automatización |
||